Rodinná terapia nutkavých chorôb

Bibliographic Details
Main Author: Gyenis, Marianna (Author)
Format: Article
Language:Slovak

MARC

LEADER 00000naa a2200000uu 4500
001 vtls010959425
003 SK-MaSNL
005 20260302120724.0
008 210905|1997 xo |||||||||||||||||slo|
015 |a SNBRA 
035 |a (urnnbn)urn:nbn:sk:snk:ar-a0bqj1 
035 |a (uuid)396826d4-4f4d-4d9b-873d-4558788815dc 
035 |a urn:nbn:sk:snk-aaui85 
040 |a SNKBUCL  |b slo  |c SNKBUCL  |e AACR2 
041 0 |a slo 
044 |a xo  |c SK 
100 1 |a Gyenis, Marianna  |4 aut  |9 801746 
245 1 0 |a Rodinná terapia nutkavých chorôb  |c Marianna Gyenis 
773 0 |t Rodinná terapia v praxi  |d Šaca : Nadácia priateľov SOU hutníckeho a Gymnázia], 1997  |g S. 41-44 
958 |a OND 
958 |a article11 
958 |a chapter 
999 |c 1270849  |d 1272779